| 000 | 00906nam a2200229 4500 | ||
|---|---|---|---|
| 001 | 78491 | ||
| 003 | BD-RjUL | ||
| 005 | 20211209083133.0 | ||
| 008 | 210928s1976 bg ||||| |||| 00| 0 ben d | ||
| 020 | _c: Tk. 10.00 | ||
| 035 | _a(BD-RjUL)78717 | ||
| 040 |
_aBD-RjUL _bben/eng _cBD-RjUL |
||
| 041 | _aben | ||
| 082 |
_223 _a954.92 _bJAM 1976 |
||
| 100 |
_aজলীল, এ. এফ. এম. আবদুল _9248579 |
||
| 245 |
_aমুজিব সরকারের উত্থান পতন / _cএ. এফ. এম. আবদুল জলীল |
||
| 260 |
_aঢাকা: _bবিশ্ব পরিচয়, _c১৯৭৬ |
||
| 300 |
_a১২৬, [২] পৃ. ; _c২২ সেমি. |
||
| 651 |
_aবাংলাদেশ _xইতিহাস _y১৯৪৭-১৯৭৫ খ্রিষ্টাব্দ _9248580 |
||
| 651 |
_aBangladesh _xHistory _y1947-1971 A. D. _9248581 |
||
| 942 |
_2ddc _cBK |
||
| 999 |
_c78491 _d78491 |
||